Anasaktiyoga : (Record no. 42261)

MARC details
000 -LEADER
fixed length control field 00759nam a22002057a 4500
005 - DATE AND TIME OF LATEST TRANSACTION
control field 20100817113958.0
010 ## - LCCN (DPL NO)
LC control number ENG-100712
020 ## - INTERNATIONAL STANDARD BOOK NUMBER
International Standard Book Number 9788128812552
Terms of availability 75.00
035 ## - SYSTEM CONTROL NUMBER
System control number EN-84245
037 ## - SOURCE OF ACQUISITION
Source of stock number/acquisition DBAD/PUB
082 ## - DEWEY DECIMAL CLASSIFICATION NUMBER
Classification number 181.45
100 ## - MAIN ENTRY--PERSONAL NAME
Personal name Gandhi, M.K.
245 ## - TITLE STATEMENT
Title Anasaktiyoga :
Remainder of title the Bhagwadgita with sanskrit text & english commentary /
Statement of responsibility, etc by M.K. Gandhi
260 ## - PUBLICATION, DISTRIBUTION, ETC. (IMPRINT)
Place of publication, distribution, etc New Delhi
Name of publisher, distributor, etc Diamond Pocket Books
Date of publication, distribution, etc 2009
270 ## - ADDRESS
City New Delhi
Address X-30, Okhla Industrial Area, Phase - II
Postal code 110020
300 ## - PHYSICAL DESCRIPTION
Extent 200p.
Dimensions 21cm (pbk)
700 ## - ADDED ENTRY--PERSONAL NAME
9 (RLIN) 14243
942 ## - ADDED ENTRY ELEMENTS (KOHA)
Source of classification or shelving scheme Dewey Decimal Classification
Item type English Books
Classification part 181.45
Call number suffix GAN
Holdings
Withdrawn status Lost status Not for loan Collection code Home library Current library Date acquired Source of acquisition Cost, normal purchase price Full call number Barcode Copy number Cost, replacement price Koha item type
    Not For Loan Non-fiction D.B.Act.Division D.B.Act.Division 17/08/2010 DBAD/PUB 75.00 181.45 GAN EN-84245 1 75.00 English Books

© Delhi Public Library
Hit Counter
free hit counter